Mortal Kombat Characters - Statistics

General Stats
  • This quiz has been taken 305 times
    185 since last reset
  • The average score is 50 of 81
Answer Stats
Answer % Correct
Classic Sub-Zero
97%
Cyber Sub-Zero
97%
Sub-Zero
97%
Scorpion
95%
Johnny Cage
90%
Sonya Blade
90%
Raiden
89%
Liu Kang
88%
Goro
87%
Reptile
87%
Kitana
86%
Kung Lao
86%
Jax Briggs
84%
Kano
84%
Mileena
82%
Shang Tsung
82%
Cassie Cage
81%
Jade
81%
Cyrax
80%
Sindel
80%
Shao Kahn
79%
Human Smoke
77%
Smoke
77%
Sektor
75%
Baraka
71%
Noob Saibot
71%
Kabal
69%
Kotal Kahn
69%
Quan Chi
67%
Rain
66%
Sheeva
65%
Tanya
65%
Jacqui Briggs
64%
Kenshi
64%
Kintaro
64%
Kurtis Stryker
64%
Takahashi Takeda
64%
Ermac
63%
Shinnok
62%
Fujin
61%
Erron Black
60%
Geras
60%
Kung Jin
60%
Skarlet
59%
D'Vorah
58%
Frost
58%
NightWolf
58%
Kronika
57%
Cetrion
56%
Chameleon
55%
Khameleon
55%
Motaro
55%
Kollector
53%
Bo' Rai Cho
52%
Ferra & Torr
52%
Li Mei
52%
Meat
52%
Onaga
52%
Tremor
52%
Ashrah
50%
Blaze
50%
Havik
50%
Reiko
49%
Nitara
47%
Darrius
42%
Mavado
41%
Shujinko
41%
Sareena
40%
Taven
40%
Kai
38%
Kobra
38%
Daegon
36%
Hsu Hao
36%
Drahmin
35%
Triborg
35%
Mokap
34%
Moloch
32%
Jarek
31%
Hotaru
26%
Dairou
25%
Monster
3%
No matching quizzes found
Score Distribution
Percent of People with Each Score
Percentile by Number Answered
Your Score History
You have not taken this quiz since the last reset